<?xml version="1.0" encoding="UTF-8"?>
<collection xmlns="http://www.loc.gov/MARC21/slim">
 <record>
  <leader>04680cam a2200853   4500</leader>
  <controlfield tag="001">869683721</controlfield>
  <controlfield tag="003">DE-627</controlfield>
  <controlfield tag="005">20240219080858.0</controlfield>
  <controlfield tag="007">tu</controlfield>
  <controlfield tag="008">161005s2017    gw |||||      00| ||ger c</controlfield>
  <datafield tag="015" ind1=" " ind2=" ">
   <subfield code="a">16,N40</subfield>
   <subfield code="2">dnb</subfield>
  </datafield>
  <datafield tag="015" ind1=" " ind2=" ">
   <subfield code="a">16,N40</subfield>
   <subfield code="2">dnb</subfield>
  </datafield>
  <datafield tag="016" ind1="7" ind2=" ">
   <subfield code="a">1114687812</subfield>
   <subfield code="2">DE-101</subfield>
  </datafield>
  <datafield tag="020" ind1=" " ind2=" ">
   <subfield code="a">3897398893</subfield>
   <subfield code="c"> : Festeinband : circa EUR 20.00 (DE), circa EUR 20.60 (AT)</subfield>
   <subfield code="9">3-89739-889-3</subfield>
  </datafield>
  <datafield tag="020" ind1=" " ind2=" ">
   <subfield code="a">9783897398894</subfield>
   <subfield code="c"> : Festeinband : circa EUR 20.00 (DE), circa EUR 20.60 (AT)</subfield>
   <subfield code="9">978-3-89739-889-4</subfield>
  </datafield>
  <datafield tag="024" ind1="3" ind2=" ">
   <subfield code="a">9783897398894</subfield>
  </datafield>
  <datafield tag="035" ind1=" " ind2=" ">
   <subfield code="a">(DE-627)869683721</subfield>
  </datafield>
  <datafield tag="035" ind1=" " ind2=" ">
   <subfield code="a">(DE-576)49416509X</subfield>
  </datafield>
  <datafield tag="035" ind1=" " ind2=" ">
   <subfield code="a">(DE-599)DNB1114687812</subfield>
  </datafield>
  <datafield tag="035" ind1=" " ind2=" ">
   <subfield code="a">(OCoLC)959984688</subfield>
  </datafield>
  <datafield tag="035" ind1=" " ind2=" ">
   <subfield code="a">(OCoLC)992555778</subfield>
  </datafield>
  <datafield tag="040" ind1=" " ind2=" ">
   <subfield code="a">DE-627</subfield>
   <subfield code="b">ger</subfield>
   <subfield code="c">DE-627</subfield>
   <subfield code="e">rda</subfield>
  </datafield>
  <datafield tag="041" ind1=" " ind2=" ">
   <subfield code="a">ger</subfield>
  </datafield>
  <datafield tag="044" ind1=" " ind2=" ">
   <subfield code="c">XA-DE-TH</subfield>
  </datafield>
  <datafield tag="050" ind1=" " ind2="0">
   <subfield code="a">N4042.H36</subfield>
  </datafield>
  <datafield tag="082" ind1="0" ind2=" ">
   <subfield code="a">026.77997</subfield>
   <subfield code="q">DE-101</subfield>
   <subfield code="2">22/ger</subfield>
  </datafield>
  <datafield tag="082" ind1="0" ind2="4">
   <subfield code="a">020</subfield>
   <subfield code="a">770</subfield>
   <subfield code="a">700</subfield>
   <subfield code="q">DE-101</subfield>
  </datafield>
  <datafield tag="082" ind1="0" ind2="4">
   <subfield code="a">900</subfield>
   <subfield code="q">DE-101</subfield>
  </datafield>
  <datafield tag="084" ind1=" " ind2=" ">
   <subfield code="a">900#DNB</subfield>
   <subfield code="2">sdnb</subfield>
  </datafield>
  <datafield tag="084" ind1=" " ind2=" ">
   <subfield code="a">KUNST</subfield>
   <subfield code="q">DE-14</subfield>
   <subfield code="2">fid</subfield>
  </datafield>
  <datafield tag="084" ind1=" " ind2=" ">
   <subfield code="a">KUNST</subfield>
   <subfield code="q">DE-16</subfield>
   <subfield code="2">fid</subfield>
  </datafield>
  <datafield tag="084" ind1=" " ind2=" ">
   <subfield code="a">LH 62895</subfield>
   <subfield code="q">BVB</subfield>
   <subfield code="2">rvk</subfield>
   <subfield code="0">(DE-625)rvk/94268:</subfield>
  </datafield>
  <datafield tag="084" ind1=" " ind2=" ">
   <subfield code="a">LH 98500</subfield>
   <subfield code="q">BSZ</subfield>
   <subfield code="2">rvk</subfield>
   <subfield code="0">(DE-625)rvk/95426:</subfield>
  </datafield>
  <datafield tag="084" ind1=" " ind2=" ">
   <subfield code="a">21.42</subfield>
   <subfield code="2">bkl</subfield>
  </datafield>
  <datafield tag="084" ind1=" " ind2=" ">
   <subfield code="a">20.01</subfield>
   <subfield code="2">bkl</subfield>
  </datafield>
  <datafield tag="090" ind1=" " ind2=" ">
   <subfield code="a">a</subfield>
  </datafield>
  <datafield tag="100" ind1="1" ind2=" ">
   <subfield code="a">Napp, Anke</subfield>
   <subfield code="d">1971-</subfield>
   <subfield code="e">VerfasserIn</subfield>
   <subfield code="0">(DE-588)132866587</subfield>
   <subfield code="0">(DE-627)527876755</subfield>
   <subfield code="0">(DE-576)299468283</subfield>
   <subfield code="4">aut</subfield>
  </datafield>
  <datafield tag="245" ind1="1" ind2="0">
   <subfield code="a">Zwischen Inflation, Bomben und Raumnöten</subfield>
   <subfield code="b">die Geschichte der Diasammlung des Kunstgeschichtlichen Seminars Hamburg</subfield>
   <subfield code="c">Anke Napp</subfield>
  </datafield>
  <datafield tag="264" ind1=" " ind2="1">
   <subfield code="a">Weimar</subfield>
   <subfield code="b">VDG</subfield>
   <subfield code="c">[2017]</subfield>
  </datafield>
  <datafield tag="264" ind1=" " ind2="4">
   <subfield code="c">© 2017</subfield>
  </datafield>
  <datafield tag="300" ind1=" " ind2=" ">
   <subfield code="a">112 Seiten</subfield>
   <subfield code="b">Illustrationen</subfield>
   <subfield code="c">21 cm x 13.5 cm</subfield>
  </datafield>
  <datafield tag="336" ind1=" " ind2=" ">
   <subfield code="a">Text</subfield>
   <subfield code="b">txt</subfield>
   <subfield code="2">rdacontent</subfield>
  </datafield>
  <datafield tag="337" ind1=" " ind2=" ">
   <subfield code="a">ohne Hilfsmittel zu benutzen</subfield>
   <subfield code="b">n</subfield>
   <subfield code="2">rdamedia</subfield>
  </datafield>
  <datafield tag="338" ind1=" " ind2=" ">
   <subfield code="a">Band</subfield>
   <subfield code="b">nc</subfield>
   <subfield code="2">rdacarrier</subfield>
  </datafield>
  <datafield tag="490" ind1="1" ind2=" ">
   <subfield code="a">Laborberichte</subfield>
   <subfield code="v">Band 11</subfield>
  </datafield>
  <datafield tag="500" ind1=" " ind2=" ">
   <subfield code="a">Bibliographie Seite 107-110</subfield>
  </datafield>
  <datafield tag="520" ind1=" " ind2=" ">
   <subfield code="a">Die Publikation arbeitet erstmalig die Geschichte der Diasammlung des Hamburger Kunstgeschichtlichen Seminars auf, eine der grössten Sammlungen weltweit mit alten, standort- und forschungsgeschichtlich wertvollen Beständen, wie von Erwin Panofsky und Wolfgang Schöne erworbenen und benutzten Konvoluten. Dabei wird anhand archivalischer Dokumente vorgegangen und der Aufbau der Sammlung sowie die Zusammenarbeit mit anderen Instituten und Museen verfolgt. Nicht zuletzt werden die materiellen Schwierigkeiten, denen sich die kunsthistorische Forschung durch Nutzung der Diaprojektion insbesondere während und nach dem Zweiten Weltkrieg bis in die 1960er-Jahre hinein gegenübersah, dargestellt. Ein Ausblick auf mögliche Nutzungen des Bestandes nach überstandener Entsammlungs-Krise beschliesst die Ausführungen</subfield>
  </datafield>
  <datafield tag="583" ind1="1" ind2=" ">
   <subfield code="a">Archivierung/Langzeitarchivierung gewährleistet</subfield>
   <subfield code="f">FID</subfield>
   <subfield code="2">pdager</subfield>
   <subfield code="5">DE-16</subfield>
  </datafield>
  <datafield tag="610" ind1="1" ind2="0">
   <subfield code="a">Universität Hamburg</subfield>
   <subfield code="b">Kunstgeschichtliches Seminar</subfield>
  </datafield>
  <datafield tag="610" ind1="2" ind2="0">
   <subfield code="a">Universität Hamburg / Kunstgeschichtliches Seminar</subfield>
  </datafield>
  <datafield tag="650" ind1=" " ind2="0">
   <subfield code="a">Art</subfield>
   <subfield code="x">Slides</subfield>
  </datafield>
  <datafield tag="650" ind1=" " ind2="0">
   <subfield code="a">Slides (Photography)</subfield>
  </datafield>
  <datafield tag="689" ind1="0" ind2="0">
   <subfield code="d">b</subfield>
   <subfield code="0">(DE-588)4652141-0</subfield>
   <subfield code="0">(DE-627)324423187</subfield>
   <subfield code="0">(DE-576)214679993</subfield>
   <subfield code="a">Universität Hamburg</subfield>
   <subfield code="b">Kunstgeschichtliches Seminar</subfield>
   <subfield code="2">gnd</subfield>
  </datafield>
  <datafield tag="689" ind1="0" ind2="1">
   <subfield code="d">s</subfield>
   <subfield code="0">(DE-588)4174471-8</subfield>
   <subfield code="0">(DE-627)105371912</subfield>
   <subfield code="0">(DE-576)209957069</subfield>
   <subfield code="a">Fotoarchiv</subfield>
   <subfield code="2">gnd</subfield>
  </datafield>
  <datafield tag="689" ind1="0" ind2="2">
   <subfield code="d">s</subfield>
   <subfield code="0">(DE-588)4149435-0</subfield>
   <subfield code="0">(DE-627)10556138X</subfield>
   <subfield code="0">(DE-576)209772026</subfield>
   <subfield code="a">Dia</subfield>
   <subfield code="2">gnd</subfield>
  </datafield>
  <datafield tag="689" ind1="0" ind2="3">
   <subfield code="a">z</subfield>
   <subfield code="2">gnd</subfield>
   <subfield code="a">Geschichte</subfield>
  </datafield>
  <datafield tag="689" ind1="0" ind2=" ">
   <subfield code="5">DE-101</subfield>
  </datafield>
  <datafield tag="710" ind1="2" ind2=" ">
   <subfield code="a">Verlag und Datenbank für Geisteswissenschaften</subfield>
   <subfield code="e">Verlag</subfield>
   <subfield code="0">(DE-588)7559573-4</subfield>
   <subfield code="0">(DE-627)486341976</subfield>
   <subfield code="0">(DE-576)261804421</subfield>
   <subfield code="4">pbl</subfield>
  </datafield>
  <datafield tag="787" ind1="0" ind2="8">
   <subfield code="i">Rezensiert in</subfield>
   <subfield code="a">Männig, Maria</subfield>
   <subfield code="t">Die Diathek als (potenzielles) Forschungsobjekt</subfield>
   <subfield code="d">Heidelberg : Universitätsbibliothek Heidelberg, 2019</subfield>
   <subfield code="h">1 Online-Ressource</subfield>
   <subfield code="w">(DE-627)1671056604</subfield>
  </datafield>
  <datafield tag="830" ind1=" " ind2="0">
   <subfield code="a">Laborberichte</subfield>
   <subfield code="v">Band 11</subfield>
   <subfield code="9">11</subfield>
   <subfield code="w">(DE-627)813036445</subfield>
   <subfield code="w">(DE-576)42361018X</subfield>
   <subfield code="w">(DE-600)2803541-0</subfield>
   <subfield code="7">ns</subfield>
  </datafield>
  <datafield tag="856" ind1="4" ind2="2">
   <subfield code="u">http://d-nb.info/1114687812/04</subfield>
   <subfield code="m">B:DE-101</subfield>
   <subfield code="q">pdf/application</subfield>
   <subfield code="v">20170510003401</subfield>
   <subfield code="x">Verlag</subfield>
   <subfield code="3">Inhaltsverzeichnis</subfield>
  </datafield>
  <datafield tag="935" ind1=" " ind2=" ">
   <subfield code="i">sf</subfield>
  </datafield>
  <datafield tag="935" ind1=" " ind2=" ">
   <subfield code="i">Blocktest</subfield>
  </datafield>
  <datafield tag="936" ind1="r" ind2="v">
   <subfield code="a">LH 62895</subfield>
   <subfield code="b">Sonstige</subfield>
   <subfield code="k">Kunstgeschichte</subfield>
   <subfield code="k">Allgemeines. Allgemeine Kunstgeschichte</subfield>
   <subfield code="k">Geschichte der Kunstwissenschaft</subfield>
   <subfield code="k">Schriften über Institute, Akademien, Vereine</subfield>
   <subfield code="k">Sonstige</subfield>
   <subfield code="0">(DE-627)1271072246</subfield>
   <subfield code="0">(DE-625)rvk/94268:</subfield>
   <subfield code="0">(DE-576)201072246</subfield>
  </datafield>
  <datafield tag="936" ind1="r" ind2="v">
   <subfield code="a">LH 98500</subfield>
   <subfield code="b">Deutschland</subfield>
   <subfield code="k">Kunstgeschichte</subfield>
   <subfield code="k">Dias-Sammlungen, Kunstpostkarten-Sammlungen</subfield>
   <subfield code="k">Ordnung nach Ländern</subfield>
   <subfield code="k">Deutschland</subfield>
   <subfield code="0">(DE-627)1271126907</subfield>
   <subfield code="0">(DE-625)rvk/95426:</subfield>
   <subfield code="0">(DE-576)201126907</subfield>
  </datafield>
  <datafield tag="936" ind1="b" ind2="k">
   <subfield code="a">21.42</subfield>
   <subfield code="j">Geschichte der Photographie</subfield>
   <subfield code="0">(DE-627)106405713</subfield>
  </datafield>
  <datafield tag="936" ind1="b" ind2="k">
   <subfield code="a">20.01</subfield>
   <subfield code="j">Geschichte der Kunstwissenschaften</subfield>
   <subfield code="0">(DE-627)106406485</subfield>
  </datafield>
  <datafield tag="951" ind1=" " ind2=" ">
   <subfield code="a">BO</subfield>
  </datafield>
  <datafield tag="990" ind1=" " ind2=" ">
   <subfield code="a">Universität Hamburg / Kunstgeschichtliches Seminar</subfield>
  </datafield>
  <datafield tag="990" ind1=" " ind2=" ">
   <subfield code="a">Fotoarchiv</subfield>
  </datafield>
  <datafield tag="990" ind1=" " ind2=" ">
   <subfield code="a">Dia</subfield>
  </datafield>
  <datafield tag="990" ind1=" " ind2=" ">
   <subfield code="a">Geschichte</subfield>
  </datafield>
  <datafield tag="991" ind1=" " ind2=" ">
   <subfield code="a">Rezensiertes Werk</subfield>
  </datafield>
  <datafield tag="999" ind1=" " ind2=" ">
   <subfield code="a">KXP-PPN869683721</subfield>
   <subfield code="e">4251599047</subfield>
  </datafield>
 </record>
</collection>
